عرض عادي
عرض مارك
- تقييم الاستثمارات
دخول Topical Term
001 - CONTROL NUMBER
- control field: 30721
003 - CONTROL NUMBER IDENTIFIER
- control field: AE-AdECS
005 - DATE AND TIME OF LATEST TRANSACTION
- control field: 20260618120227.0
008 - FIXED-LENGTH DATA ELEMENTS
- fixed length control field: 260618|| aca||aabn | a|a d
040 ## - CATALOGING SOURCE
- Original cataloging agency: AE-AdECS
- Transcribing agency: AE-AdECS
150 ## - HEADING--TOPICAL TERM
- Topical term or geographic name entry element: تقييم الاستثمارات
670 ## - SOURCE DATA FOUND
- Source citation: Work cat.: (AE-AdECS)295469: هواري، معراج، مؤلف. 30720, القرار الاستثماري في ظل عدم التأكد والأزمة المالية /
